[Event "28. Klatovy A 2022"]
[Site "Klatovy"]
[Date "2022.07.04"]
[Round "3.27"]
[White "Rerabek, Jaroslav"]
[Black "Borovsky, Ivan 1969"]
[Result "0-1"]
[WhiteElo "1721"]
[BlackElo "1813"]
[PlyCount "82"]
[EventDate "2022.07.02"]
[EventType "swiss"]
[EventRounds "9"]
[EventCountry "CZE"]

1. e4 c5 2. Nf3 d6 3. c3 Nf6 4. Be2 Nc6 5. Qc2 e6 6. O-O Be7 7. d3 O-O 8. Bg5 h6 9. Be3 b6 10. h3 Bb7 11. Re1 Rc8 12. Na3 a6 13. Rad1 d5 14. exd5 exd5 15. Bf4 d4 16. Qd2 b5 17. Rc1 Bd6 18. Bxd6 Qxd6 19. Nc2 Rfd8 20. cxd4 cxd4 21. a3 Nd7 22. Bd1 Re8 23. Rxe8+ Rxe8 24. Nce1 Qg6 25. Bb3 Nce5 26. Qf4 Bxf3 27. Nxf3 Nxd3 28. Qd2 Nxc1 29. Qxc1 Qd6 30. Ne1 Nc5 31. Ba2 d3 32. Qd1 Re2 33. Bb1 Rxb2 34. Nxd3 Nxd3 35. Bxd3 Qf6 36. Qe1 g6 37. Qe3 Ra2 38. Be4 Kg7 39. Bf3 Qa1+ 40. Kh2 Rxa3 41. Qa7 Qe5+ 0-1

[Event "28. Klatovy A 2022"]
[Site "Klatovy"]
[Date "2022.07.05"]
[Round "4.1"]
[White "Straka, Vojtech"]
[Black "Vorisek, Jaroslav"]
[Result "1-0"]
[WhiteElo "2421"]
[BlackElo "2270"]
[PlyCount "51"]
[EventDate "2022.07.02"]
[EventType "swiss"]
[EventRounds "9"]
[EventCountry "CZE"]

1. d4 d5 2. c4 Nc6 3. cxd5 Qxd5 4. Nf3 e5 5. Nc3 Bb4 6. Bd2 Bxc3 7. Bxc3 e4 8. Nd2 b5 9. Rc1 a5 10. b3 Nd8 11. e3 f5 12. Bb2 Ne6 13. a4 Ba6 14. axb5 Bxb5 15. Bc4 Bxc4 16. bxc4 Qd7 17. O-O Nf6 18. Ba3 a4 19. f3 h5 20. fxe4 fxe4 21. Rb1 Rh6 22. Rb5 Nxd4 23. exd4 Qxd4+ 24. Kh1 O-O-O 25. Qxa4 Qxd2 26. Rfb1 1-0

[Event "28. Klatovy A 2022"]
[Site "Klatovy"]
[Date "2022.07.05"]
[Round "4.2"]
[White "Hurdzan, Tomas"]
[Black "Jurek, Josef"]
[Result "1-0"]
[WhiteElo "2317"]
[BlackElo "2200"]
[PlyCount "77"]
[EventDate "2022.07.02"]
[EventType "swiss"]
[EventRounds "9"]
[EventCountry "CZE"]

1. e4 e6 2. d4 d5 3. Nc3 Bb4 4. e5 c5 5. a3 Bxc3+ 6. bxc3 Qa5 7. Bd2 Qa4 8. h4 Nc6 9. h5 h6 10. Qb1 c4 11. Ne2 Bd7 12. g4 O-O-O 13. Qb2 Nge7 14. Ng3 Kb8 15. Bh3 Ka8 16. f4 f6 17. O-O Rdf8 18. Rae1 Qa5 19. Rf2 f5 20. gxf5 exf5 21. Kh2 Qa4 22. Bg2 Be6 23. Rb1 Rb8 24. Bf3 Rhf8 25. Rg1 Rf7 26. Nf1 Rg8 27. Rfg2 Qa5 28. Ne3 Qa4 29. Be1 Qa5 30. Bf2 a6 31. a4 Qc7 32. Bh4 Ka7 33. Qa3 b6 34. Qd6 Qc8 35. Bxe7 Rxe7 36. Nxd5 Bxd5 37. Bxd5 Rd7 38. Qxc6 Qd8 39. Qxd7+ 1-0

[Event "28. Klatovy A 2022"]
[Site "Klatovy"]
[Date "2022.07.05"]
[Round "4.3"]
[White "Simet, Martin"]
[Black "Hausner, Ivan"]
[Result "1/2-1/2"]
[WhiteElo "2155"]
[BlackElo "2290"]
[PlyCount "21"]
[EventDate "2022.07.02"]
[EventType "swiss"]
[EventRounds "9"]
[EventCountry "CZE"]

1. e4 d6 2. d4 Nf6 3. Nc3 c6 4. f4 Qa5 5. Bd2 Qb6 6. Nf3 Bg4 7. e5 Nd5 8. Na4 Bxf3 9. Nxb6 Bxd1 10. Nxd5 cxd5 11. Rxd1 1/2-1/2

[Event "28. Klatovy A 2022"]
[Site "Klatovy"]
[Date "2022.07.05"]
[Round "4.4"]
[White "Eret, Matous"]
[Black "Janous, Marek"]
[Result "1-0"]
[WhiteElo "2273"]
[BlackElo "2175"]
[PlyCount "59"]
[EventDate "2022.07.02"]
[EventType "swiss"]
[EventRounds "9"]
[EventCountry "CZE"]

1. e4 c5 2. Nf3 Nc6 3. d3 g6 4. g3 Bg7 5. Bg2 e6 6. O-O Nge7 7. Nbd2 O-O 8. Re1 Qc7 9. c3 b6 10. Qe2 Bb7 11. h4 d6 12. h5 Ne5 13. Ng5 Ba6 14. Nc4 N7c6 15. f4 Nxc4 16. dxc4 Rfe8 17. Bd2 Rad8 18. hxg6 hxg6 19. Qg4 Bc8 20. Qh4 f6 21. Qh7+ Kf8 22. f5 exf5 23. exf5 Ne7 24. Ne6+ Bxe6 25. Rxe6 Nxf5 26. Rxf6+ Bxf6 27. Qxc7 Re2 28. Bd5 Be7 29. Bg5 Re8 30. g4 1-0

[Event "28. Klatovy A 2022"]
[Site "Klatovy"]
[Date "2022.07.05"]
[Round "4.5"]
[White "Flajsman, Pavel"]
[Black "Formanek, Martin"]
[Result "1/2-1/2"]
[WhiteElo "2177"]
[BlackElo "2233"]
[PlyCount "54"]
[EventDate "2022.07.02"]
[EventType "swiss"]
[EventRounds "9"]
[EventCountry "CZE"]

1. d4 Nf6 2. g3 g6 3. Bg2 Bg7 4. e4 d6 5. Nc3 O-O 6. Nge2 Nbd7 7. O-O Rb8 8. a4 a6 9. a5 c5 10. dxc5 Nxc5 11. Be3 Qc7 12. Bd4 e5 13. Be3 Be6 14. h3 Rfe8 15. Nd5 Bxd5 16. exd5 Ncd7 17. b3 h5 18. c4 Kh7 19. Qd2 Ng8 20. Rac1 Bh6 21. b4 b6 22. axb6 Qxb6 23. Rb1 Bxe3 24. Qxe3 Qxe3 25. fxe3 Kg7 26. Rfc1 Rec8 27. Bf1 f5 1/2-1/2

[Event "28. Klatovy A 2022"]
[Site "Klatovy"]
[Date "2022.07.05"]
[Round "4.6"]
[White "Kunc, Jan"]
[Black "Slovak, Kilian"]
[Result "0-1"]
[WhiteElo "2062"]
[BlackElo "2321"]
[PlyCount "64"]
[EventDate "2022.07.02"]
[EventType "swiss"]
[EventRounds "9"]
[EventCountry "CZE"]

1. d4 Nf6 2. c4 g6 3. g3 Bg7 4. Bg2 O-O 5. Nc3 d6 6. Nf3 c6 7. O-O Qb6 8. b3 Qa5 9. Bb2 Qh5 10. Re1 Bg4 11. Qc2 e5 12. dxe5 dxe5 13. Ne4 Nxe4 14. Qxe4 f5 15. Qc2 f4 16. Rad1 Nd7 17. Rd6 Rf7 18. h4 Bf8 19. Rd2 Bc5 20. gxf4 Rxf4 21. Rxd7 Bxd7 22. Bxe5 Bxf2+ 23. Kxf2 Qxe5 24. Rd1 Bg4 25. Qd2 Re8 26. Rh1 Bxf3 27. Bxf3 Qd4+ 28. Qxd4 Rxd4 29. h5 g5 30. h6 Rh4 31. Rd1 Rxh6 32. Rd7 Rf8 0-1

[Event "28. Klatovy A 2022"]
[Site "Klatovy"]
[Date "2022.07.05"]
[Round "4.7"]
[White "Strnad, Jakub"]
[Black "Dvorak, Jan"]
[Result "0-1"]
[WhiteElo "1994"]
[BlackElo "2194"]
[PlyCount "50"]
[EventDate "2022.07.02"]
[EventType "swiss"]
[EventRounds "9"]
[EventCountry "CZE"]

1. e4 e6 2. d4 d5 3. Nc3 Bb4 4. e5 c5 5. a3 Bxc3+ 6. bxc3 Qa5 7. Qd2 Nc6 8. Ne2 Nge7 9. a4 b6 10. Qg5 cxd4 11. Bd2 dxc3 12. Nxc3 Qc5 13. Bb5 O-O 14. O-O Nf5 15. Bxc6 Qxc6 16. Nb5 Ba6 17. Bb4 h6 18. Qf4 Rfc8 19. c3 Bxb5 20. axb5 Qxb5 21. g4 Rc4 22. Qf3 Nd4 23. Qd1 Nc6 24. Bd6 Rxc3 25. f4 Qd3 0-1

[Event "28. Klatovy A 2022"]
[Site "Klatovy"]
[Date "2022.07.05"]
[Round "4.8"]
[White "Turner, Radek"]
[Black "Lhotska, Anna"]
[Result "1-0"]
[WhiteElo "2032"]
[BlackElo "2113"]
[PlyCount "181"]
[EventDate "2022.07.02"]
[EventType "swiss"]
[EventRounds "9"]
[EventCountry "CZE"]

1. c4 c6 2. Nf3 d5 3. g3 Nf6 4. Bg2 dxc4 5. O-O Nbd7 6. a4 a5 7. Na3 Nb6 8. Qc2 g6 9. Nxc4 Nxc4 10. Qxc4 Bg7 11. d4 Be6 12. Qc2 Bd5 13. Rd1 O-O 14. Ne1 Qb6 15. Ra3 Bxg2 16. Kxg2 Rfd8 17. Rb3 Qa7 18. Nf3 Nd5 19. e4 Nb4 20. Qc4 e5 21. Be3 b5 22. axb5 cxb5 23. Qxb5 exd4 24. Bd2 Rdb8 25. Qc4 Rc8 26. Qb5 Rc5 27. Qa4 Nc2 28. Rc1 Rac8 29. Rb5 d3 30. Rxc5 Qxc5 31. Rb1 Ra8 32. Qb3 Rd8 33. Bg5 Rd7 34. Qb8+ Qf8 35. Qb5 Qe8 36. e5 h6 37. Bd2 Qe6 38. Qxa5 Qc6 39. Qc3 Qb7 40. Rd1 Kh7 41. h4 Qe4 42. Bf4 Bf8 43. e6 fxe6 44. Qe5 Qd5 45. Bd2 Bg7 46. Qxd5 Rxd5 47. Bc3 e5 48. Nd2 Nd4 49. Ne4 Nb5 50. Kf3 h5 51. Ke3 Bh6+ 52. Ng5+ Bxg5+ 53. hxg5 Nxc3 54. bxc3 e4 55. Kxe4 Rxg5 56. Rxd3 Rg4+ 57. Kd5 g5 58. c4 h4 59. gxh4 gxh4 60. c5 Rf4 61. Rh3 Kg6 62. c6 Rf5+ 63. Kd6 Rf6+ 64. Kc7 Kg5 65. f3 Re6 66. Kd7 Re1 67. c7 Rd1+ 68. Kc8 Rc1 69. Rh2 Rc3 70. f4+ Kg4 71. f5 h3 72. f6 Rf3 73. Kb8 Rb3+ 74. Ka7 Rc3 75. Kb6 Rb3+ 76. Ka5 Ra3+ 77. Kb4 Ra8 78. f7 Kg3 79. Rxh3+ Kxh3 80. Kc5 Kg4 81. Kd6 Kg5 82. Ke7 Rc8 83. f8=Q Rxc7+ 84. Ke6 Rc6+ 85. Ke5 Rg6 86. Qf4+ Kh5 87. Qf7 Kg5 88. Qh7 Rh6 89. Qf5+ Kh4 90. Kf4 Ra6 91. Qg4# 1-0

[Event "28. Klatovy A 2022"]
[Site "Klatovy"]
[Date "2022.07.05"]
[Round "4.9"]
[White "Jirousek, Jan"]
[Black "Kupsa, Matej 2001"]
[Result "1/2-1/2"]
[WhiteElo "2094"]
[BlackElo "2079"]
[PlyCount "28"]
[EventDate "2022.07.02"]
[EventType "swiss"]
[EventRounds "9"]
[EventCountry "CZE"]

1. d4 e5 2. dxe5 Nc6 3. Nf3 Qe7 4. Bf4 Qb4+ 5. Bd2 Qxb2 6. Bc3 Bb4 7. Bxb4 Qxa1 8. Bc3 Qxa2 9. e4 Nge7 10. Nfd2 O-O 11. Bc4 Qa4 12. O-O b5 13. Bb3 Qa6 14. Qh5 b4 1/2-1/2

[Event "28. Klatovy A 2022"]
[Site "Klatovy"]
[Date "2022.07.05"]
[Round "4.10"]
[White "Skola, Miroslav"]
[Black "Mik, Tomas"]
[Result "1/2-1/2"]
[WhiteElo "2086"]
[BlackElo "1683"]
[PlyCount "120"]
[EventDate "2022.07.02"]
[EventType "swiss"]
[EventRounds "9"]
[EventCountry "CZE"]

1. e4 c5 2. c3 d5 3. exd5 Qxd5 4. d4 Nc6 5. Nf3 Bf5 6. Be3 cxd4 7. Nxd4 Bd7 8. Qb3 Qxb3 9. axb3 Nxd4 10. Bxd4 a6 11. b4 Rc8 12. Nd2 Nf6 13. Nc4 Nd5 14. Ne5 Bb5 15. Bxb5+ axb5 16. Nd3 b6 17. Ra6 Rb8 18. Ke2 f6 19. f4 e6 20. Ra7 Be7 21. Rha1 Kf7 22. Kf3 Rhd8 23. R1a6 Ke8 24. g4 Rd7 25. Ke4 Rxa7 26. Rxa7 Kf7 27. f5 g6 28. Rd7 Rd8 29. fxe6+ Kxe6 30. Rxd5 Rxd5 31. Nf4+ Kd6 32. Nxd5 f5+ 33. gxf5 gxf5+ 34. Kxf5 Kxd5 35. Bxb6 Kc4 36. Ke6 Bg5 37. Bd4 Bc1 38. b3+ Kxb3 39. Kd5 Bd2 40. Kc5 Ka4 41. h4 h5 42. Bf6 Be1 43. Kd5 Kb3 44. c4 bxc4 45. b5 Ba5 46. Kc6 c3 47. b6 Bxb6 48. Kxb6 c2 49. Bg5 Kc4 50. Kc6 Kd4 51. Kb5 Kc3 52. Kc5 Kb2 53. Kd5 c1=Q 54. Bxc1+ Kxc1 55. Ke5 Kd2 56. Kf5 Ke3 57. Kg5 Ke4 58. Kxh5 Kf5 59. Kh6 Kf6 60. Kh7 Kf7 1/2-1/2

[Event "28. Klatovy A 2022"]
[Site "Klatovy"]
[Date "2022.07.05"]
[Round "4.11"]
[White "Kopta, Pavel"]
[Black "Stastny, Jakub"]
[Result "1-0"]
[WhiteElo "2234"]
[BlackElo "2023"]
[PlyCount "117"]
[EventDate "2022.07.02"]
[EventType "swiss"]
[EventRounds "9"]
[EventCountry "CZE"]

1. d4 Nf6 2. c4 e5 3. dxe5 Ng4 4. Bf4 Nc6 5. Nf3 Bb4+ 6. Nbd2 Qe7 7. e3 Ngxe5 8. Nxe5 Nxe5 9. a3 Bxd2+ 10. Qxd2 O-O 11. Be2 d6 12. O-O Rd8 13. Qc3 Ng6 14. Bg3 Be6 15. e4 f6 16. Rfe1 Bf7 17. Rac1 a5 18. f4 a4 19. Bf3 c6 20. Bg4 Qc7 21. Qe3 Ra6 22. c5 dxc5 23. e5 Bd5 24. exf6 gxf6 25. Qc3 Rb6 26. Qxf6 Rf8 27. Be6+ Bxe6 28. Qxe6+ Qf7 29. f5 Qxe6 30. fxe6 Rxb2 31. Rxc5 Re8 32. Rc4 b5 33. Rxc6 b4 34. axb4 Rxb4 35. Bd6 Rd4 36. Ra6 Rd5 37. Ba3 Rd4 38. Ra7 Rg4 39. h3 Rg3 40. Rxa4 Nf4 41. Bd6 Rxg2+ 42. Kh1 Nd3 43. Re3 Rg6 44. Rxd3 Rexe6 45. Rg4 Rxg4 46. hxg4 Re2 47. Rf3 Kg7 48. Bf4 Kg6 49. Kg1 h5 50. g5 h4 51. Rf2 Re4 52. Kg2 Kh5 53. Bd2 Rd4 54. Kf3 Ra4 55. Be3 Ra6 56. Rd2 Ra8 57. Rd6 Rf8+ 58. Rf6 Rh8 59. Rh6+ 1-0

[Event "28. Klatovy A 2022"]
[Site "Klatovy"]
[Date "2022.07.05"]
[Round "4.12"]
[White "Novotny, David"]
[Black "Skypala, Ondrej"]
[Result "0-1"]
[WhiteElo "1958"]
[BlackElo "2142"]
[PlyCount "109"]
[EventDate "2022.07.02"]
[EventType "swiss"]
[EventRounds "9"]
[EventCountry "CZE"]

1. e4 e6 2. d4 d5 3. e5 c5 4. c3 Nc6 5. Nf3 Qb6 6. Bd3 Bd7 7. dxc5 Bxc5 8. O-O a5 9. Nbd2 a4 10. b4 axb3 11. Nxb3 Ba3 12. Bxa3 Rxa3 13. Qc1 Qa7 14. Qg5 g6 15. Nfd4 Nxd4 16. cxd4 h6 17. Qd2 Ne7 18. Qb4 Ra4 19. Qd6 Nc8 20. Qc7 b6 21. Rfc1 Qxc7 22. Rxc7 Ra7 23. Rac1 Kd8 24. R7c2 Ne7 25. Kf1 Ba4 26. Ke2 Kd7 27. Rb2 Nc6 28. Ke3 Rb8 29. g4 Rc7 30. Bc2 Bxb3 31. Bxb3 Ra7 32. f4 b5 33. f5 gxf5 34. gxf5 Rg8 35. Bd1 Ra3+ 36. Rb3 Rxb3+ 37. Bxb3 Rg4 38. fxe6+ fxe6 39. Rc5 Re4+ 40. Kd3 Rxd4+ 41. Kc3 b4+ 42. Kc2 Nxe5 43. Ba4+ Kd6 44. Rb5 Nd7 45. Rb7 Nc5 46. Rb6+ Ke5 47. Be8 Rc4+ 48. Kd2 Rh4 49. h3 Rxh3 50. Rxb4 Rh2+ 51. Kd1 Rxa2 52. Rh4 Ra8 53. Rh5+ Kd4 54. Rh4+ Ke5 55. Rh5+ 0-1

[Event "28. Klatovy A 2022"]
[Site "Klatovy"]
[Date "2022.07.05"]
[Round "4.13"]
[White "Jun, Rudolf Jr"]
[Black "Richter, Martin1"]
[Result "1-0"]
[WhiteElo "2134"]
[BlackElo "1929"]
[PlyCount "59"]
[EventDate "2022.07.02"]
[EventType "swiss"]
[EventRounds "9"]
[EventCountry "CZE"]

1. e4 e6 2. Nf3 d5 3. e5 c5 4. b4 b6 5. c3 Bd7 6. a3 c4 7. d3 cxd3 8. Bxd3 Nc6 9. O-O Qc7 10. Re1 Nge7 11. Nd4 Nxd4 12. cxd4 Nc6 13. Be3 Be7 14. Nd2 Qb7 15. Qg4 g6 16. Rac1 Rc8 17. Bh6 Bf8 18. Bg5 Bg7 19. Nf3 Ne7 20. Qf4 h6 21. Bf6 Bxf6 22. exf6 g5 23. Qd6 Ng8 24. Ne5 Nxf6 25. Nxd7 Ne4 26. Nf6+ Nxf6 27. Bb5+ Nd7 28. Qxd7+ Qxd7 29. Rxc8+ Ke7 30. Bxd7 1-0

[Event "28. Klatovy A 2022"]
[Site "Klatovy"]
[Date "2022.07.05"]
[Round "4.14"]
[White "Roubal, Matyas"]
[Black "Palek, Miroslav"]
[Result "1/2-1/2"]
[WhiteElo "1909"]
[BlackElo "2125"]
[PlyCount "61"]
[EventDate "2022.07.02"]
[EventType "swiss"]
[EventRounds "9"]
[EventCountry "CZE"]

1. e4 c6 2. c4 e5 3. Nf3 d6 4. Nc3 Nd7 5. d4 Ngf6 6. Be2 Be7 7. O-O O-O 8. h3 Re8 9. Be3 Bf8 10. d5 c5 11. a3 g6 12. b4 b6 13. Rb1 Nh5 14. Qd2 Bg7 15. Rb3 Ba6 16. Ne1 Nhf6 17. b5 Bc8 18. Bh6 Rf8 19. Bxg7 Kxg7 20. Qg5 Ng8 21. Qxd8 Rxd8 22. g4 Ne7 23. Ng2 f5 24. f3 Nf6 25. Kh2 Bd7 26. Ne3 Rf8 27. Bd3 fxg4 28. fxg4 h6 29. Rb2 Nh7 30. Rbf2 Rxf2+ 31. Rxf2 1/2-1/2

[Event "28. Klatovy A 2022"]
[Site "Klatovy"]
[Date "2022.07.05"]
[Round "4.15"]
[White "Novotny, Jaroslav2"]
[Black "Kopriva, Martin"]
[Result "0-1"]
[WhiteElo "1911"]
[BlackElo "2124"]
[PlyCount "74"]
[EventDate "2022.07.02"]
[EventType "swiss"]
[EventRounds "9"]
[EventCountry "CZE"]

1. e4 g6 2. d4 Bg7 3. c3 d6 4. f4 Nf6 5. Nd2 O-O 6. Ngf3 c5 7. Bd3 cxd4 8. cxd4 Nc6 9. d5 Nb4 10. Bb1 e6 11. a3 Na6 12. dxe6 Bxe6 13. Nb3 Re8 14. O-O Bxb3 15. Qxb3 Nc5 16. Qc4 Ncxe4 17. Be3 Qd7 18. Ba2 Ng3 19. Rfe1 Nf5 20. Bd2 h6 21. Rad1 Rxe1+ 22. Rxe1 b5 23. Qd3 a5 24. b4 axb4 25. h3 Rxa3 26. Bb3 Qa7+ 27. Kh2 Ra1 28. Rxa1 Qxa1 29. g4 Ne7 30. Bxb4 Qb2+ 31. Kh1 Ned5 32. Bxd6 Qc1+ 33. Kg2 Nxf4+ 34. Bxf4 Qxf4 35. Qxg6 Ne4 36. Qxf7+ Qxf7 37. Bxf7+ Kxf7 0-1

[Event "28. Klatovy A 2022"]
[Site "Klatovy"]
[Date "2022.07.05"]
[Round "4.16"]
[White "Krauskopfova, Lenka 1996"]
[Black "Hulin, Petr"]
[Result "1/2-1/2"]
[WhiteElo "1839"]
[BlackElo "2090"]
[PlyCount "127"]
[EventDate "2022.07.02"]
[EventType "swiss"]
[EventRounds "9"]
[EventCountry "CZE"]

1. c4 b6 2. Nc3 Bb7 3. d4 e6 4. Nf3 Bb4 5. Qc2 f5 6. Bg5 Nf6 7. e3 h6 8. Bf4 Bxc3+ 9. Qxc3 d6 10. h3 Nbd7 11. Bd3 Ne4 12. Qc2 Qf6 13. Bxe4 Bxe4 14. Qe2 a5 15. Rd1 O-O 16. Bh2 Kh7 17. Rg1 Rae8 18. Nd2 Bb7 19. Nb3 Qf7 20. f3 Ba6 21. Qc2 e5 22. d5 a4 23. Nc1 e4 24. Kf2 Nc5 25. b4 axb3 26. axb3 b5 27. b4 Nd3+ 28. Nxd3 exd3 29. Qxd3 bxc4 30. Qd4 Bb5 31. Ra1 Ra8 32. Rgc1 g6 33. Rcb1 Qg7 34. Qxg7+ Kxg7 35. Ra5 Rfb8 36. e4 Kf6 37. Ke3 Bd7 38. Rxa8 Rxa8 39. Kd4 Bb5 40. e5+ Ke7 41. exd6+ cxd6 42. Re1+ Kd7 43. Re6 c3 44. Rxd6+ Ke7 45. Kxc3 Rc8+ 46. Kd2 Rc4 47. Rxg6 Rxb4 48. d6+ Kd8 49. Ke3 h5 50. Be5 Rb1 51. Kf4 Re1 52. Kxf5 Bd3+ 53. Kg5 Bxg6 54. Bf6+ Ke8 55. Kxg6 Re6 56. Kf5 Rxd6 57. g4 Rd3 58. Ke4 Rb3 59. g5 Kf7 60. h4 Kg6 61. f4 Rb4+ 62. Bd4 Rb5 63. Be5 Rb4+ 64. Bd4 1/2-1/2

[Event "28. Klatovy A 2022"]
[Site "Klatovy"]
[Date "2022.07.05"]
[Round "4.17"]
[White "Flajsman, Petr"]
[Black "Gernert, Otakar"]
[Result "1/2-1/2"]
[WhiteElo "1809"]
[BlackElo "2039"]
[PlyCount "98"]
[EventDate "2022.07.02"]
[EventType "swiss"]
[EventRounds "9"]
[EventCountry "CZE"]

1. d4 Nf6 2. Nf3 b6 3. Bf4 Bb7 4. e3 e6 5. Bd3 Be7 6. Nbd2 c5 7. c3 Nc6 8. Qe2 d6 9. e4 a6 10. O-O cxd4 11. cxd4 Nb4 12. Bb1 Rc8 13. Qd1 O-O 14. a3 Nc6 15. h3 h6 16. Qe2 Qd7 17. Nc4 Qd8 18. Rd1 d5 19. Ncd2 Na5 20. e5 Ne4 21. Nxe4 dxe4 22. Bxe4 Qd7 23. Bb1 Qb5 24. Bd3 Qb3 25. Ne1 b5 26. Qg4 Bg5 27. Bxg5 hxg5 28. Qxg5 f5 29. Rab1 Qd5 30. Nf3 Qd8 31. Qf4 Bxf3 32. gxf3 Nb3 33. Bf1 Qd5 34. Rd3 Rc7 35. Qe3 Na5 36. f4 Rfc8 37. b3 Qd8 38. Bg2 Rd7 39. Qd2 Nc6 40. d5 Ne7 41. d6 Ng6 42. Rc1 Rxc1+ 43. Qxc1 Qh4 44. Qc8+ Nf8 45. Rf3 g5 46. fxg5 f4 47. Qc6 Qxg5 48. Qe4 Rf7 49. Rd3 Nd7 1/2-1/2

[Event "28. Klatovy A 2022"]
[Site "Klatovy"]
[Date "2022.07.05"]
[Round "4.18"]
[White "Chalus, Karel"]
[Black "Kroulik, Vaclav"]
[Result "0-1"]
[WhiteElo "1975"]
[BlackElo "1749"]
[PlyCount "38"]
[EventDate "2022.07.02"]
[EventType "swiss"]
[EventRounds "9"]
[EventCountry "CZE"]

1. e4 c5 2. c3 d5 3. exd5 Qxd5 4. d4 Nc6 5. Nf3 Bg4 6. dxc5 Qxd1+ 7. Kxd1 O-O-O+ 8. Ke1 e5 9. Be3 f5 10. b4 e4 11. Nfd2 Nge7 12. Be2 Bxe2 13. Kxe2 Ne5 14. f3 exf3+ 15. gxf3 Nd5 16. Bg5 Re8 17. Kd1 a6 18. Bh4 Ne3+ 19. Kc1 Nd3# 0-1

[Event "28. Klatovy A 2022"]
[Site "Klatovy"]
[Date "2022.07.05"]
[Round "4.19"]
[White "Langmajer, Jan"]
[Black "Lhotsky, Zdenek"]
[Result "1-0"]
[WhiteElo "1869"]
[BlackElo "1794"]
[PlyCount "71"]
[EventDate "2022.07.02"]
[EventType "swiss"]
[EventRounds "9"]
[EventCountry "CZE"]

1. e4 c5 2. Nf3 d6 3. d4 cxd4 4. Nxd4 Nf6 5. Nc3 a6 6. h3 e5 7. Nde2 h5 8. g3 Be6 9. Bg2 b5 10. Be3 Nbd7 11. Qd2 Nb6 12. b3 Rc8 13. Rd1 Qc7 14. a3 Be7 15. f4 g6 16. Rf1 O-O 17. f5 Bd7 18. Bg5 Bc6 19. Bxf6 Bxf6 20. fxg6 fxg6 21. Qxd6 Qg7 22. Nd5 Nxd5 23. exd5 Bb7 24. Be4 Kh7 25. Qb6 Be7 26. Rxf8 Rxf8 27. Bxg6+ Qxg6 28. Qxb7 Rf7 29. Qc6 Qf5 30. h4 Bxa3 31. d6 Bb2 32. d7 Bd4 33. Rxd4 exd4 34. d8=Q Qf2+ 35. Kd1 Qe3 36. Qh1 1-0

[Event "28. Klatovy A 2022"]
[Site "Klatovy"]
[Date "2022.07.05"]
[Round "4.20"]
[White "Martirosyan, David"]
[Black "Mach, Ondrej"]
[Result "0-1"]
[WhiteElo "1826"]
[BlackElo "1910"]
[PlyCount "95"]
[EventDate "2022.07.02"]
[EventType "swiss"]
[EventRounds "9"]
[EventCountry "CZE"]

1. d4 Nf6 2. Nf3 e6 3. e3 c5 4. Bd3 Nc6 5. O-O b6 6. b3 cxd4 7. exd4 d5 8. Bb2 Bd6 9. Nbd2 O-O 10. a3 Qc7 11. Qe2 Ne7 12. Ne5 Bb7 13. f4 Ng6 14. g4 Rfe8 15. g5 Nd7 16. h4 Ndf8 17. h5 Nh8 18. Qg4 Qe7 19. Rf2 f6 20. gxf6 Qxf6 21. Raf1 Nf7 22. Nxf7 Qxf7 23. h6 Bc8 24. Rg2 g6 25. Qg3 Kh8 26. Rgf2 Nd7 27. Qg2 Qf6 28. c4 Bb7 29. Ne4 Qf8 30. Nxd6 Qxd6 31. c5 Qf8 32. Bb5 Nf6 33. Bxe8 Rxe8 34. Qg5 Kg8 35. Rh2 b5 36. Rc1 Bc6 37. Qe5 Ng4 38. Qd6 Nxh2 39. Qxc6 Nf3+ 40. Kf2 Nh4 41. Qd6 Qxh6 42. Re1 Nf5 43. Qd7 Qh2+ 44. Kf3 Re7 45. Qd8+ Kf7 46. Bc1 Qg3+ 47. Ke2 Nxd4+ 48. Kd1 0-1

[Event "28. Klatovy A 2022"]
[Site "Klatovy"]
[Date "2022.07.05"]
[Round "4.21"]
[White "Borovsky, Ivan 1969"]
[Black "Novak, Vaclav2"]
[Result "1/2-1/2"]
[WhiteElo "1813"]
[BlackElo "1904"]
[PlyCount "66"]
[EventDate "2022.07.02"]
[EventType "swiss"]
[EventRounds "9"]
[EventCountry "CZE"]

1. e4 e5 2. Nf3 Nc6 3. Bb5 a6 4. Ba4 d6 5. d4 Bd7 6. Bb3 Bg4 7. c3 Bxf3 8. Qxf3 Qf6 9. Be3 Qxf3 10. gxf3 Nf6 11. Nd2 Nh5 12. Rg1 g6 13. Nf1 Na5 14. Bc2 Bg7 15. O-O-O O-O-O 16. Ng3 Nxg3 17. fxg3 Nc4 18. Bf2 Bh6+ 19. Kb1 Nd2+ 20. Ka1 Nxf3 21. Rg2 Ng5 22. Be3 f6 23. Rf1 Rhf8 24. Rgf2 Bg7 25. Bxg5 fxg5 26. Rxf8 Rxf8 27. Rxf8+ Bxf8 28. g4 Bg7 29. d5 b6 30. b4 Kb7 31. Kb2 c6 32. dxc6+ Kxc6 33. Bb3 h5 1/2-1/2

[Event "28. Klatovy A 2022"]
[Site "Klatovy"]
[Date "2022.07.05"]
[Round "4.22"]
[White "Hosnedl, Jiri"]
[Black "Mametev, Artem"]
[Result "1-0"]
[WhiteElo "1744"]
[BlackElo "1888"]
[PlyCount "91"]
[EventDate "2022.07.02"]
[EventType "swiss"]
[EventRounds "9"]
[EventCountry "CZE"]

1. d4 Nf6 2. c4 g6 3. Nc3 Bg7 4. g3 O-O 5. Bg2 d6 6. Nf3 Nc6 7. O-O a6 8. e4 Bg4 9. h3 Bxf3 10. Bxf3 e5 11. d5 Nd4 12. Bg2 c5 13. Ne2 Nd7 14. Nxd4 cxd4 15. f4 a5 16. f5 Rc8 17. b3 a4 18. Ba3 Qb6 19. Qd3 f6 20. g4 axb3 21. Qxb3 Qa6 22. Rfc1 Bh6 23. Rc2 Be3+ 24. Kh1 Ra8 25. Bb4 Rfc8 26. Bf1 Nc5 27. Bxc5 Rxc5 28. Rb2 Ra7 29. Bd3 Qa5 30. a4 Qc7 31. Qb6 Qxb6 32. Rxb6 Ra6 33. Rxb7 Bd2 34. Kg2 Ba5 35. fxg6 hxg6 36. Rf1 Rc7 37. Rxc7 Bxc7 38. Rxf6 Kg7 39. Re6 Kf7 40. c5 Rxa4 41. cxd6 Bxd6 42. Rxd6 Ra3 43. Be2 d3 44. Bxd3 Rxd3 45. Re6 Rd2+ 46. Kg3 1-0

[Event "28. Klatovy A 2022"]
[Site "Klatovy"]
[Date "2022.07.05"]
[Round "4.23"]
[White "Pecka, Jan"]
[Black "Danko, Jiri"]
[Result "0-1"]
[WhiteElo "1863"]
[BlackElo "1837"]
[PlyCount "76"]
[EventDate "2022.07.02"]
[EventType "swiss"]
[EventRounds "9"]
[EventCountry "CZE"]

1. e4 e5 2. f4 exf4 3. Nf3 d6 4. Bc4 h6 5. b3 Nf6 6. Nc3 g5 7. h4 g4 8. Nd4 Nbd7 9. d3 Ne5 10. Bxf4 Nxc4 11. bxc4 Nh5 12. Be3 Bg7 13. Kd2 Ng3 14. Rh2 Be5 15. Qg1 c5 16. Nde2 Qa5 17. d4 Nxe4+ 18. Kd3 Bxh2 19. Qxh2 g3 20. Qg1 Nxc3 21. Nxc3 Bf5+ 22. Kd2 O-O-O 23. Rb1 Rhe8 24. Rb5 Qa3 25. Qf1 Bd7 26. Rb3 Qa6 27. Qf3 cxd4 28. Bxd4 Bc6 29. Qg4+ Re6 30. Nb5 Bxb5 31. cxb5 Qxa2 32. Qxg3 Rde8 33. Qc3+ Kd7 34. Ra3 Re2+ 35. Kc1 Re1+ 36. Kd2 R8e2+ 37. Kd3 Qd5 38. b6 Re3+ 0-1

[Event "28. Klatovy A 2022"]
[Site "Klatovy"]
[Date "2022.07.05"]
[Round "4.24"]
[White "Bartonicek, Zdenek"]
[Black "Popov, Roman4"]
[Result "1-0"]
[WhiteElo "1976"]
[BlackElo "1826"]
[PlyCount "159"]
[EventDate "2022.07.02"]
[EventType "swiss"]
[EventRounds "9"]
[EventCountry "CZE"]

1. e4 c6 2. Bc4 d5 3. Bb3 e6 4. e5 Nd7 5. d4 c5 6. c3 Ne7 7. Nf3 Ng6 8. O-O Be7 9. Bc2 O-O 10. h4 Nxh4 11. Nxh4 Bxh4 12. Qh5 g6 13. Qh6 Re8 14. g3 Be7 15. Kg2 Bf8 16. Qh3 Bg7 17. Rh1 Nf8 18. Nd2 cxd4 19. cxd4 f6 20. Nf3 Qe7 21. Bd2 b6 22. a3 a5 23. Rae1 Ra7 24. Bf4 b5 25. exf6 Bxf6 26. Be5 b4 27. Re3 Rb7 28. Rd1 bxa3 29. bxa3 Rb2 30. Ba4 Rd8 31. Qg4 Bd7 32. Bxd7 Rxd7 33. Rc1 Bxe5 34. Nxe5 Rdb7 35. Rf3 Qe8 36. Qf4 a4 37. Ng4 Nd7 38. Rc7 e5 39. Qc1 e4 40. Rf4 Rxc7 41. Qxc7 Rb8 42. Qxd7 Qxd7 43. Nf6+ Kg7 44. Nxd7 Rb3 45. Nf6 g5 46. Rf5 Kg6 47. g4 Rxa3 48. Nxd5 Rd3 49. Rf6+ Kg7 50. Ra6 Rxd4 51. Ne3 Rb4 52. Nf5+ Kf8 53. Ra7 Rc4 54. Rxh7 a3 55. Ra7 Rc3 56. Ne3 Ke8 57. Ra5 Kf8 58. Rxg5 Kf7 59. Ra5 Kg6 60. Kg3 Rd3 61. Kf4 Rd2 62. Ra6+ Kf7 63. Rxa3 Rxf2+ 64. Kxe4 Kg6 65. Ra5 Kg7 66. Ra6 Kf7 67. Nf5 Rf1 68. Ke5 Rf2 69. Nd6+ Kg7 70. Ne4 Rf1 71. Ng3 Rg1 72. Kf4 Rg2 73. Nf5+ Kf7 74. Kg5 Rg1 75. Rf6+ Kg8 76. Rg6+ Kf7 77. Rg7+ Kf8 78. Kf6 Ra1 79. Rf7+ Kg8 80. Ne7+ 1-0